Coupes du Monde de Football: Irlande - Statistiques

Statistiques générales
  • Ce quiz a été pris 44 fois
  • Le résultat moyen est 8 sur 11
Statistiques - réponses
Réponse % Correct
Italie
95%
Allemagne
83%
Angleterre
80%
Espagne
80%
Mexique
80%
Cameroun
76%
Pays-Bas
71%
Egypte
59%
Norvège
59%
Roumanie
56%
Arabie Saoudite
51%
Aucun quiz correspondant
Distribution des résultats
% des personnes avec chaque résultat
Percentile par nombre de réponses
Votre historique - résultats
Vous n’avez pas pris ce quiz